00391nam a2200133Ia 4500008004100000082001400041100002400055245002400079260001800103600001500121942000700136952009700143999001700240241002s9999 xx 000 0 und d a808.3 DOS aDostyyevsky, Fyoder 0aCrim and Punishment aLondon:c1957 aLiterature cUC 00104070aUITUbUITUd1994-01-01l0o808.3 DOSpUC459r2024-10-02 09:31:21w2024-10-02yUC c18786d18786